Statystyki dla Przystanki tramwajowe w Bydgoszczy

Kliknij tutaj aby rozwiązać quiz!

Ogólne statystyki

  • Ten quiz został rozwiązany 67 razy
    (66 od ostatniego zresetowania)
  • Średni wynik to 39 z 75

Statystyki odpowiedzi

Ulica 1/Ulica 2% Poprawnych
==Rondo Jagiellonów
93%
==Dworzec Autobusowy
86%
Focha/Opera
86%
==Rondo Fordońskie
82%
==Garbary
80%
==Bajka
77%
Wojska Polskiego/Kładka
77%
Wojska Polskiego/Ujejskiego
77%
==Dworzec Główny
75%
==Rycerska
75%
==Wilczak
75%
Jagiellońska/Łużycka
73%
Dworcowa/Matejki
73%
==Łoskoń
70%
==Glinki
68%
==Plac Teatralny
68%
Fordońska/Wyścigowa
68%
==Dworzec Wschód
66%
Fordońska/Fabryczna
66%
==Kapuściska
66%
==Most Kazimierza Wielkiego
66%
==Niepodległości
66%
==Plac Praw Kobiet
66%
==Rondo Grunwaldzkie
66%
Fordońska/Bałtycka
64%
Gdańska/Chodkiewicza
64%
Toruńska/Perłowa
64%
==Bielawy
61%
==Plac Wolności
61%
Toruńska/Filmowa
59%
Akademicka/Rejewskiego
57%
==Rondo Toruńskie
57%
==Wzgórze Wolności
57%
==Zbożowy Rynek
57%
==Szarych Szeregów
52%
==UKW
52%
Akademicka/Igrzyskowa
50%
==Wyżyny
50%
==Rondo Kujawskie P+R
48%
Nakielska/Stawowa
48%
Chodkiewicza/Gdańska
45%
Akademicka/Kaliskiego
45%
Andersa/Kleeberga
45%
==Łęgnowo
45%
Chodkiewicza/Lelewela
45%
==Przylesie P+R
45%
Akademicka/Romanowskiej
45%
Nakielska/Słoneczna
45%
Perłowa/Toruńska
45%
Nakielska/Wrocławska
45%
==Babia Wieś
43%
==Las Gdański P+R
43%
Gdańska/Cieszkowskiego
41%
Andersa/Gieryna
41%
Andersa/Wolna
41%
Gdańska/Artyleryjska
39%
==Stadion Zawisza
39%
Nakielska/Wrzesińska
36%
Toruńska/Zajezdnia Tramwajowa
36%
Wojska Polskiego/Baczyńskiego
34%
==Kazimierza Wielkiego
34%
==Stomil
34%
Gdańska/Powstańców Warszawy
32%
Toruńska/Hala
30%
Wojska Polskiego/Kaczyńskiego
27%
Szpitalna/Łomżyńska
27%
Szpitalna/Solna
27%
Toruńska/Sporna
27%
Toruńska/Żupy
27%
Hutnicza/Nowotoruńska
23%
Toruńska/Tor Awaryjny
23%
Toruńska/Kielecka
20%
Toruńska/Stomil Brama
20%
Toruńska/Równa
14%
Chodkiewicza/Padarewskiego
7%

Rozkład punktacji

Percentyl według liczby udzielonych odpowiedzi

Procent ludzi z każdym wynikiem

Twoja historia wyników

Nie rozwiązałeś tego quizu od ostatniego zresetowania